| 000 | 01450cam a2200373 a 4500 | ||
|---|---|---|---|
| 001 | 1392 | ||
| 003 | FISKH | ||
| 005 | 20260320084949.0 | ||
| 008 | 020530s2003 nyua b 000 1 eng | ||
| 010 | _a 2002007949 | ||
| 020 | _a006000150X | ||
| 020 | _a9780439677745 | ||
| 020 | _a0060001518 (lib. bdg.) | ||
| 040 |
_aDLC _cDLC _dDLC _beng |
||
| 050 | 0 | 0 |
_aPZ7.C88135 _bDi 2003 |
| 082 | 0 | 0 |
_a[E] _221 |
| 100 | 1 | _aCronin, Doreen. | |
| 245 | 1 | 0 |
_aDiary of a worm / _cby Doreen Cronin ; pictures by Harry Bliss. |
| 250 | _a1st ed. | ||
| 260 |
_aNew York : _bScholastic, _c2004 |
||
| 300 |
_a34 unnumbered pages : _bcolor illustrations ; _c26 cm. |
||
| 505 | _aH | ||
| 520 | _aA young worm discovers, day by day, that there are some very good and some not so good things about being a worm in this great big world. | ||
| 521 | 8 |
_a510
_bLexile AD |
|
| 521 | 8 |
_aH
_bRaz-Plus |
|
| 650 | 1 |
_aWorms _vFiction. |
|
| 650 | 1 |
_aDiaries _vFiction. |
|
| 700 | 1 |
_aBliss, Harry, _d1964- _eill. |
|
| 856 | 4 | 2 |
_3Publisher description _uhttp://www.loc.gov/catdir/description/hc043/2002007949.html |
| 856 | 4 | 2 |
_3Contributor biographical information _uhttp://www.loc.gov/catdir/enhancements/fy0910/2002007949-b.html |
| 906 |
_a7 _bcbc _corignew _d1 _eecip _f20 _gy-gencatlg |
||
| 942 |
_2ddc _cBK _n0 |
||
| 999 |
_c1392 _d1392 |
||